000 01015nam a22002897a 4500
001 7819
003 FISKH
005 20250811120630.0
008 250811b cb ||||| |||| 00| 0 eng d
040 _aFISKH
_beng
_cFISKH
_dFISKH
050 _aPQ2469.T7 E5
082 _a428
100 _aVerne, Jules
_d(1828–1905)
245 _aAround the world in eighty days /
_cJules Verne ; Adapted by Jane Bingham ; Illustrated by Adam Stower
250 _aThis edition first published in 2004
260 _aLondon :
_bUsborne,
_c2004
300 _a64 pages :
_bcolor illustrations ;
_c20 cm
505 _aT
520 _aWhen Phileas Fogg decides to travel around the world in eighty days, he says he's prepared for anything, but he never expects to be chased around the world by a policeman.
521 8 _a790
_bLexile
521 8 _aT
_bRaz-Plus
650 _2Chapter Book A
_aUsborne
650 _2Beg Reader
_aAdd copy
700 _aStower, Adam
_dillustrator
942 _2ddc
_cBK
_n0
999 _c7819
_d7819